00749nam a22002057a 450000500170000001000150001702000250003203500130005703700130007008200110008324501050009426000550019927000660025430000290032070000100034970000190035994200250037899900170040395201230042020130902143505.0 aENG-108191 a9789350690208c65.00 aEN-91724 bDBAD/PUB a230.3510aSunrays for sunday :ccompiled by Priya [and] Sanjay Tandonba compendium of inspirational stories / aAndhra PradeshbSri Sathya Sai Sadhana Trustc2013 aPrasanthi Nilayam, Anantapur DistrictbAndhra Pradeshe515134 a219p. :c22cm(pbk)bill. aPriya aTandon, Sanjay 2ddccENmSUNh230.35 c78219d78219 001040718FICaDBADbDBADd2013-07-30eDBAD / PUBg65.00l0o230.35 SUNpEN-91724r2013-07-30 00:00:00t1v65.00yEN